000
00340nam a2200133Ia 4500
008
230411s9999 xx 000 0 und d
041
_a
eng
082
_a
B/530/THA/B06571
100
_a
Thayalan K
245
_a
Bio Medical Physics for Nurses
260
_b
Jaypee Brothers
_a
New Delhi
_c
2007
300
_a
188p
999
_c
156942
_d
156942